Zhodnotenie dopadu nástrojov aktívnej politiky zamestnanosti na regionálnu nezamestnanosť

Súčasný stav monitoringu na trhu práce. Indikátor miery vplyvu, ktorý umožňuje popísať javy týkajúce sa efektívnosti a účinnosti nástrojov aktívnej politiky zamestnanosti. Pojem miera vplyvu. Globálny vplyv, regionálny vplyv. Stav miery nezamestnanosti v jednotlivých okresoch Slovenska. Stratégia po...

Descripción completa

Guardado en:
Detalles Bibliográficos
Autor principal: Tomasta, Pavel
Formato: Capítulo de libro
Lenguaje:eslovaco
Materias:
Etiquetas: Agregar Etiqueta
Sin Etiquetas, Sea el primero en etiquetar este registro!

MARC

LEADER 00000naa a2200000 4500
001 r017317
005 20221205102602.8
041 0 |a slo 
044 |a SK 
245 1 0 |a Zhodnotenie dopadu nástrojov aktívnej politiky zamestnanosti na regionálnu nezamestnanosť  |c Pavel Tomasta 
520 |a Súčasný stav monitoringu na trhu práce. Indikátor miery vplyvu, ktorý umožňuje popísať javy týkajúce sa efektívnosti a účinnosti nástrojov aktívnej politiky zamestnanosti. Pojem miera vplyvu. Globálny vplyv, regionálny vplyv. Stav miery nezamestnanosti v jednotlivých okresoch Slovenska. Stratégia pomeru použitia jednotlivých nástrojov aktívnej politiky zamestnanosti. 
610 2 0 |a politika zamestnanosti 
610 2 0 |a nástroje ekonomické 
610 2 0 |a zamestnanosť 
610 2 0 |a nezamestnanosť 
610 2 0 |a okresy 
610 2 0 |a Slovensko 
610 2 0 |a miera nezamestnanosti 
100 1 |a Tomasta, Pavel